000 00342nam a22001457a 4500
008 210311b ||||| |||| 00| 0 eng d
020 _a013314724-x
041 _aeng
080 _a330.722.6
082 _a330.722.6
100 _a62
101 _aKF
245 _aFinancial Accounting Principles and Issues
_cGranof,M.C
942 _2udc
_cBK
999 _c56344
_d56344